Pokemon by Species Gen 2 - Statistics

General Stats
  • This quiz has been taken 5 times
  • The average score is 16 of 20
Answer Stats
Hint Answer % Correct
Sun Pokémon Espeon
100%
Long Neck Pokémon Girafarig
100%
Royal Pokémon Slowking
100%
Lava Pokémon Slugma, Magcargo
100%
Iron Snake Pokémon Steelix
100%
Little Bear Pokémon Teddiursa
100%
Happiness Pokémon Togetic, Blissey
100%
Moonlight Pokémon Umbreon
100%
Symbol Pokémon Unown
100%
Long Leg Pokémon Ariados
80%
Time Travel Pokémon Celebi
80%
Balloon Pokémon Qwilfish
80%
Jet Pokémon Remoraid, Octillery
80%
Seed Pokémon Sunkern
80%
Water Fish Pokémon Wooper, Quagsire
80%
Star Shape Pokémon Cleffa
60%
Volcano Pokémon Entei
60%
Diving Pokémon Lugia
60%
Light Pokémon Lanturn, Ampharos
40%
Five Star Pokémon Ledyba, Ledian
40%
No matching quizzes found
Score Distribution
Percent of People with Each Score
Percentile by Number Answered
Your Score History
You have not taken this quiz